[Event "Tbilisi zt (Women)"]
[Site "Tbilisi"]
[Date "1999.??.??"]
[Round "6"]
[White "Kalevic, Sanja"]
[Black "Khorava, Miranda"]
[Result "0-1"]
[WhiteElo "2354"]
[BlackElo "2210"]
[EventDate "1999.05.07"]
[PlyCount "144"]

1.e4 c5 2.Nf3 Nc6 3.Bb5 g6 4.Bxc6 dxc6 5.d3 Bg7 6.O-O e5 7.a3 a5 8.a4 Ne7 
9.Be3 b6 10.Nbd2 O-O 11.h3 h6 12.Nc4 Qc7 13.Qd2 Kh7 14.Qc3 f5 15.Qa3 Rb8 
16.Bd2 fxe4 17.dxe4 Be6 18.Qc3 g5 19.Nh2 Ng6 20.Be3 Nf4 21.Rfe1 Rbd8 22.
Qb3 Qf7 23.Qxb6 Bxc4 24.Bxc5 Rb8 25.Qxa5 Rfd8 26.b3 Be6 27.Qc3 Rb7 28.a5 
Bf8 29.a6 Rbd7 30.a7 Ra8 31.Bb6 c5 32.Bxc5 Bxc5 33.Qxc5 Ng6 34.Nf3 Rc7 35.
Qb6 Rcxa7 36.Rxa7 Rxa7 37.c4 Rb7 38.Qe3 Qc7 39.Qc3 Qc5 40.Rd1 Qb6 41.Rd3 
Qc5 42.Qa1 Ra7 43.Qb2 Kg8 44.Rd8+ Kf7 45.Rd1 Kf6 46.Kh2 Rb7 47.Qc2 Nf4 48.
Ng1 Qb4 49.g3 Ng6 50.Rd3 Rd7 51.Nf3 Qc5 52.Kg2 Ne7 53.Rxd7 Bxd7 54.Qd3 Bc6
55.Nd2 Ke6 56.f3 Bd7 57.Nf1 Qd6 58.Qc2 Nc6 59.c5 Qd4 60.Nd2 Nb4 61.Qc4+ 
Qxc4 62.Nxc4 Nd3 63.h4 gxh4 64.gxh4 Nxc5 65.Kg3 Nd3 66.b4 h5 67.Ne3 Bc6 
68.Ng2 Nxb4 69.f4 Bxe4 70.Ne3 Nd5 71.Nxd5 Kxd5 72.fxe5 Kxe5 0-1

[Event "Tbilisi zt (Women)"]
[Site "Tbilisi"]
[Date "1999.??.??"]
[Round "6"]
[White "Khmiadashvili, Tamari"]
[Black "Maisuradze, Nino"]
[Result "0-1"]
[WhiteElo "2197"]
[BlackElo "2143"]
[EventDate "1999.05.07"]
[PlyCount "74"]

1.d4 d5 2.e3 Nf6 3.Bd3 e6 4.Nd2 Be7 5.f4 O-O 6.Qe2 b6 7.c3 a5 8.Ngf3 Ba6 
9.Bxa6 Nxa6 10.Ne5 c5 11.a4 Nc7 12.O-O Nce8 13.g4 Nd6 14.Rf3 Nfe4 15.Rh3 
f6 16.Nef3 Qe8 17.Nxe4 Nxe4 18.Bd2 c4 19.Be1 b5 20.Qg2 bxa4 21.f5 Rb8 22.
fxe6 Rb3 23.Rh5 a3 24.bxa3 Qc6 25.Qh3 h6 26.g5 Nxg5 27.Qf5 Qe8 28.Rh4 g6 
29.Qf4 h5 30.Nd2 Rxa3 31.Rc1 f5 32.Qg3 Qc6 33.Rb1 Qxe6 34.Rb7 Rf7 35.Kf1 
Kg7 36.Rf4 Ra1 37.h4 Nh7 0-1

[Event "Tbilisi zt (Women)"]
[Site "Tbilisi"]
[Date "1999.??.??"]
[Round "6"]
[White "Khurtsidze, Nino"]
[Black "Nikoladze, Sopio"]
[Result "1-0"]
[WhiteElo "2405"]
[BlackElo "2262"]
[EventDate "1999.05.07"]
[PlyCount "85"]

1.d4 d5 2.Nf3 c6 3.c4 Nf6 4.Nc3 e6 5.e3 Nbd7 6.Qc2 Bd6 7.Bd2 O-O 8.O-O-O 
c5 9.e4 cxd4 10.Nxd4 Bc5 11.Bg5 dxe4 12.Nxe4 Be7 13.Nc3 a6 14.h4 Qc7 15.h5
Re8 16.Kb1 Nf8 17.Be2 Bd7 18.g4 b5 19.cxb5 axb5 20.Ndxb5 Qa5 21.Rd4 Nd5 
22.Bxe7 Rxe7 23.a4 Bc6 24.Rc1 Rb7 25.Nxd5 Bxd5 26.b3 Nd7 27.h6 gxh6 28.Qc3
Qb6 29.Kb2 Nf6 30.Qe3 e5 31.Rd3 Qd8 32.g5 Rxb5 33.gxf6 Rxa4 34.Qg3+ Kf8 
35.Qg7+ Ke8 36.Qg8+ Kd7 37.Bg4+ Rxg4 38.Qxg4+ Kd6 39.Qa4 Qb6 40.Rc2 h5 41.
f3 Ke6 42.Rxd5 Kxd5 43.Qc4+ 1-0

[Event "Tbilisi zt (Women)"]
[Site "Tbilisi"]
[Date "1999.??.??"]
[Round "6"]
[White "Lomineishvili, Maia"]
[Black "Prudnikova, Svetlana"]
[Result "1/2-1/2"]
[WhiteElo "2375"]
[BlackElo "2415"]
[EventDate "1999.05.07"]
[PlyCount "33"]

1.d4 Nf6 2.c4 e6 3.Nc3 Bb4 4.Qc2 O-O 5.a3 Bxc3+ 6.Qxc3 b6 7.Bg5 Ba6 8.e3 
d6 9.Bd3 Nbd7 10.Nf3 c5 11.O-O cxd4 12.exd4 Rc8 13.Rac1 d5 14.Qb3 dxc4 15.
Bxc4 Rxc4 16.Rxc4 Bxc4 17.Qxc4 1/2-1/2

[Event "Tbilisi zt (Women)"]
[Site "Tbilisi"]
[Date "1999.??.??"]
[Round "6"]
[White "Makropoulou, Marina"]
[Black "Khurtsilava, Inga"]
[Result "0-1"]
[WhiteElo "2294"]
[BlackElo "2259"]
[EventDate "1999.05.07"]
[PlyCount "89"]

1.e4 c6 2.d4 d5 3.Nc3 dxe4 4.Nxe4 Nf6 5.Nxf6+ exf6 6.c3 Bd6 7.Bd3 Qc7 8.
Ne2 Be6 9.Qc2 Nd7 10.Bd2 b5 11.a4 bxa4 12.c4 a3 13.bxa3 c5 14.h3 cxd4 15.
Nxd4 Bc5 16.Bc3 Qe5+ 17.Ne2 Qg5 18.Be4 Rc8 19.O-O O-O 20.Kh1 Qh4 21.Be1 
Bxh3 22.gxh3 Qxh3+ 23.Kg1 Ne5 24.Qc3 Qg4+ 25.Ng3 Rcd8 26.Kg2 Bd4 27.Qc2 f5
28.f3 Qf4 29.Bxf5 g6 30.Rd1 gxf5 31.Qxf5 Ng6 32.Qxf4 Nxf4+ 33.Kh1 f5 34.
Bd2 Nd3 35.Bb4 Nf2+ 36.Kg2 Nxd1 37.Rxd1 Rf7 38.c5 Rg7 39.f4 Rxg3+ 40.Kxg3 
Bf2+ 41.Kxf2 Rxd1 42.Ke2 Rd8 43.Bc3 Kf7 44.Be5 Rc8 45.Bd6 0-1

[Event "Tbilisi zt (Women)"]
[Site "Tbilisi"]
[Date "1999.??.??"]
[Round "6"]
[White "Mkrtchian, Lilit"]
[Black "Fakhiridou, Ekaterini"]
[Result "1/2-1/2"]
[WhiteElo "2294"]
[BlackElo "2239"]
[EventDate "1999.05.07"]
[PlyCount "70"]

1.e4 c5 2.Nf3 Nc6 3.d4 cxd4 4.Nxd4 Qc7 5.Nc3 e6 6.Be2 a6 7.Be3 Nf6 8.O-O 
Bb4 9.Na4 Be7 10.Nxc6 bxc6 11.Nb6 Rb8 12.Nxc8 Qxc8 13.e5 Nd5 14.Bc1 Bc5 
15.c4 Ne7 16.b3 Qc7 17.Bb2 d6 18.exd6 Bxd6 19.g3 Be5 20.Bxe5 Qxe5 21.c5 a5
22.Bf3 O-O 23.Qd6 Qf6 24.Bg2 Rbd8 25.Qc7 Rd2 26.Rad1 Rxa2 27.Bxc6 Nxc6 28.
Qxc6 Qc3 29.Rc1 Qxb3 30.Qa6 a4 31.c6 Rc2 32.Rxc2 Qxc2 33.Ra1 a3 34.Rxa3 
Qb1+ 35.Kg2 Qe4+ 1/2-1/2

[Event "Tbilisi zt (Women)"]
[Site "Tbilisi"]
[Date "1999.??.??"]
[Round "6"]
[White "Sanli, Emine"]
[Black "Sisman, Gizem"]
[Result "1/2-1/2"]
[WhiteElo "2050"]
[BlackElo "2050"]
[EventDate "1999.05.07"]
[PlyCount "22"]

1.d4 Nf6 2.c4 g6 3.Nc3 Bg7 4.Nf3 O-O 5.e4 d6 6.Be2 Bg4 7.O-O Nc6 8.h3 Bxf3
9.Bxf3 Nd7 10.Be3 e5 11.d5 Ne7 1/2-1/2

[Event "Tbilisi zt (Women)"]
[Site "Tbilisi"]
[Date "1999.??.??"]
[Round "6"]
[White "Stiri, Alexandra"]
[Black "Petraki, Maria"]
[Result "1-0"]
[WhiteElo "2092"]
[BlackElo "2140"]
[EventDate "1999.05.07"]
[PlyCount "76"]

1.e4 c5 2.Nf3 d6 3.d4 cxd4 4.Nxd4 Nf6 5.Nc3 g6 6.Be3 Bg7 7.f3 O-O 8.Qd2 
Nc6 9.O-O-O Nxd4 10.Bxd4 Be6 11.Nd5 Bxd5 12.exd5 Qd7 13.g4 Qa4 14.Kb1 Rfc8
15.Bh3 Rc7 16.g5 Nd7 17.Bxg7 Kxg7 18.Rhe1 Nc5 19.Bg4 Qb5 20.Re3 a5 21.h4 
Na4 22.Rb3 Qc4 23.h5 gxh5 24.Bxh5 Nc5 25.Rc3 Qh4 26.Bg4 Rg8 27.Rc4 b5 28.
Rd4 b4 29.Rg1 Kf8 30.Bf5 Qh5 31.Rdg4 Qh3 32.Qd1 Na4 33.Rh1 Qxg4 34.Bxg4 
Rxg5 35.Rxh7 f5 36.Qd2 Rg6 37.Rh6 Rg7 38.Qf4 Kg8 1-0

[Event "Tbilisi zt (Women)"]
[Site "Tbilisi"]
[Date "1999.??.??"]
[Round "6"]
[White "Tqeshelashvili, Sopio"]
[Black "Gvetadze, Sofio"]
[Result "1-0"]
[WhiteElo "2321"]
[BlackElo "2174"]
[EventDate "1999.05.07"]
[PlyCount "87"]

1.d4 Nf6 2.Bg5 c5 3.Bxf6 gxf6 4.d5 d6 5.e3 Bg7 6.c3 Nd7 7.Nh3 a6 8.a4 Ne5 
9.Nf4 Bf5 10.Nd2 Qb6 11.Ra2 Rc8 12.a5 Qc7 13.Nc4 O-O 14.Be2 Kh8 15.O-O Rg8
16.Nh5 Nxc4 17.Bxc4 Bh6 18.Ng3 Bg4 19.Qc2 Bg5 20.Bd3 Rg7 21.h3 Bd7 22.Nh5 
Rcg8 23.Nxg7 Rxg7 24.Kh2 e6 25.c4 f5 26.f4 Bh4 27.Qe2 Qc8 28.Qh5 Be7 29.b3
Qg8 30.e4 fxe4 31.Bxe4 Be8 32.Qe2 Bh4 33.dxe6 fxe6 34.Rd2 Qf8 35.Qf3 Rg3 
36.Qd1 Re3 37.Bxb7 Bg3+ 38.Kh1 Bxf4 39.Qg4 e5 40.g3 Qe7 41.gxf4 Qxb7+ 42.
Rg2 Qf7 43.Rfg1 Bc6 44.Qc8+ 1-0

[Event "Tbilisi zt (Women)"]
[Site "Tbilisi"]
[Date "1999.??.??"]
[Round "6"]
[White "Tsurtsumia, Natia"]
[Black "Darchia, Diana"]
[Result "1/2-1/2"]
[WhiteElo "2122"]
[BlackElo "2445"]
[EventDate "1999.05.07"]
[PlyCount "175"]

1.e4 c5 2.Nf3 Nc6 3.d4 cxd4 4.Nxd4 Nf6 5.Nc3 d6 6.Bc4 Qb6 7.Nb3 e6 8.Bf4 
Ne5 9.Be2 Bd7 10.Bg3 Rc8 11.Qd4 Qxd4 12.Nxd4 h5 13.h4 Be7 14.O-O-O O-O 15.
Nf3 Neg4 16.Bxd6 Bxd6 17.Rxd6 Bc6 18.Rf1 Bxe4 19.Nxe4 Nxe4 20.Rd7 Nc5 21.
Rdd1 Rc7 22.Nd4 a6 23.Kb1 Rfc8 24.c3 Nd7 25.Nc2 Ndf6 26.f3 Ne5 27.Ne3 Ng6 
28.g3 Ne7 29.Rd3 Nfd5 30.Nxd5 Nxd5 31.Rfd1 g6 32.Rg1 Kg7 33.Bd1 b5 34.Bb3 
Nf6 35.Rd6 a5 36.a4 Rb8 37.axb5 Rxb5 38.Ba4 Rb8 39.Kc2 Nd5 40.Re1 Nb6 41.
Rd4 Rc5 42.f4 Nd5 43.Re2 Rc7 44.Kd3 Ne7 45.Rg2 Nf5 46.Re4 Rc5 47.c4 Nd6 
48.Rd4 Rxc4 49.Rxc4 Nxc4 50.Kxc4 Rb4+ 51.Kc3 Rxa4 52.Re2 Kf6 53.Re5 Ra1 
54.Kb3 a4+ 55.Kb4 Ra2 56.Kc3 a3 57.b4 Rg2 58.b5 Rxg3+ 59.Kb4 a2 60.Re1 Rg2
61.Kc3 Rg3+ 62.Kb4 Rd3 63.Ra1 Rd2 64.Kc3 Rd6 65.Kc4 Kf5 66.Rxa2 Rd7 67.Kc5
Kxf4 68.Kc6 Re7 69.b6 e5 70.b7 Rxb7 71.Kxb7 Kf3 72.Ra3+ Kf2 73.Ra2+ Kg3 
74.Kc6 f5 75.Kd5 e4 76.Kd4 Kxh4 77.Rg2 g5 78.Ke3 g4 79.Kf4 Kh3 80.Ra2 g3 
81.Ra3 h4 82.Kxf5 Kh2 83.Kg4 g2 84.Kxh4 g1=Q 85.Rh3+ Kg2 86.Rg3+ Kf2 87.
Rxg1 Kxg1 88.Kg3 1/2-1/2

[Event "Tbilisi zt (Women)"]
[Site "Tbilisi"]
[Date "1999.??.??"]
[Round "7"]
[White "Bojkovic, Natasa"]
[Black "Khurtsidze, Nino"]
[Result "1/2-1/2"]
[WhiteElo "2424"]
[BlackElo "2405"]
[EventDate "1999.05.07"]
[PlyCount "29"]

1.e4 c5 2.Nf3 e6 3.d4 cxd4 4.Nxd4 a6 5.Bd3 Nf6 6.O-O d6 7.c4 b6 8.b3 Bb7 
9.Nd2 Nbd7 10.Qe2 g6 11.Bb2 Bg7 12.f4 e5 13.fxe5 Nxe5 14.Bc2 O-O 15.N2f3 
1/2-1/2

[Event "Tbilisi zt (Women)"]
[Site "Tbilisi"]
[Date "1999.??.??"]
[Round "7"]
[White "Cinar, Nilufer"]
[Black "Khurtsilava, Inga"]
[Result "0-1"]
[WhiteElo "2052"]
[BlackElo "2259"]
[EventDate "1999.05.07"]
[PlyCount "60"]

1.Nf3 d5 2.g3 g6 3.Bg2 Bg7 4.O-O Bg4 5.h3 Bxf3 6.Bxf3 Qd7 7.Bg2 c6 8.d4 h5
9.h4 Nh6 10.Bxh6 Bxh6 11.e4 dxe4 12.Nc3 f5 13.Qe2 Na6 14.Rad1 Nc7 15.Bh3 
e6 16.b4 Nd5 17.Nxd5 cxd5 18.c4 dxc4 19.Qxc4 Rc8 20.Qb3 Qd5 21.Qa4+ Kf7 
22.Rfe1 Rhd8 23.Bf1 a6 24.f3 Qd6 25.f4 Rc3 26.Kh2 b5 27.Qa5 Rdc8 28.d5 
exd5 29.Bxb5 axb5 30.Qxb5 d4 0-1

[Event "Tbilisi zt (Women)"]
[Site "Tbilisi"]
[Date "1999.??.??"]
[Round "7"]
[White "Danielian, Elina"]
[Black "Tqeshelashvili, Sopio"]
[Result "1-0"]
[WhiteElo "2353"]
[BlackElo "2321"]
[EventDate "1999.05.07"]
[PlyCount "47"]

1.Nf3 d5 2.g3 Nf6 3.Bg2 c6 4.O-O Bg4 5.b3 Nbd7 6.Bb2 e6 7.d3 Bd6 8.Nbd2 
O-O 9.h3 Bh5 10.e4 e5 11.Qe1 Re8 12.Nh4 Bc5 13.Kh1 a5 14.a3 Qc7 15.f4 dxe4
16.dxe4 exf4 17.gxf4 Bf8 18.e5 Nd5 19.c4 Ne7 20.Ne4 f6 21.exf6 gxf6 22.
Nxf6+ Nxf6 23.Qe6+ Bf7 24.Qxf6 1-0

[Event "Tbilisi zt (Women)"]
[Site "Tbilisi"]
[Date "1999.??.??"]
[Round "7"]
[White "Darchia, Diana"]
[Black "Botsari, Anna Maria"]
[Result "1/2-1/2"]
[WhiteElo "2445"]
[BlackElo "2333"]
[EventDate "1999.05.07"]
[PlyCount "37"]

1.e4 c5 2.Nf3 Nc6 3.Bb5 e6 4.O-O Nge7 5.Re1 a6 6.Bf1 Nd4 7.b3 Nec6 8.Bb2 
Be7 9.c3 Nxf3+ 10.Qxf3 d6 11.d4 e5 12.dxc5 dxc5 13.Na3 O-O 14.Nc4 Bg5 15.
Red1 Qc7 16.Bc1 Bxc1 17.Raxc1 Be6 18.Ne3 Rad8 19.Rc2 1/2-1/2

[Event "Tbilisi zt (Women)"]
[Site "Tbilisi"]
[Date "1999.??.??"]
[Round "7"]
[White "Fakhiridou, Ekaterini"]
[Black "Edzgveradze, Natalia"]
[Result "1-0"]
[WhiteElo "2239"]
[BlackElo "2295"]
[EventDate "1999.05.07"]
[PlyCount "133"]

1.e4 c6 2.d4 d5 3.Nc3 dxe4 4.Nxe4 Bf5 5.Nc5 b6 6.Nb3 e6 7.Nf3 Bd6 8.g3 Nd7
9.Bg2 Ngf6 10.O-O O-O 11.Qe2 Qc7 12.c4 Rac8 13.Bg5 c5 14.Rac1 Be4 15.Rfd1 
Rfd8 16.Ne1 Bxg2 17.Nxg2 h6 18.dxc5 bxc5 19.Bd2 Nb6 20.Bc3 Qe7 21.Nh4 Na4 
22.Ba5 Bc7 23.Nf5 Qf8 24.Ne3 Bxa5 25.Nxa5 Rd4 26.Nb3 Rxd1+ 27.Rxd1 Rd8 28.
Na5 Rb8 29.Qc2 Qe8 30.b3 Nb6 31.Qd3 Qc8 32.Qd6 Qf8 33.Qc7 Qc8 34.Qe7 Nfd7 
35.Qd6 Qf8 36.Qf4 Qe8 37.Nc6 Rb7 38.Ng4 Nf8 39.Nce5 Nbd7 40.Qf3 Rc7 41.Qf4
Nxe5 42.Nxe5 f6 43.Nf3 Rd7 44.Rxd7 Qxd7 45.Qe3 Qd6 46.a3 Qd1+ 47.Kg2 Qd6 
48.Qe4 Qa6 49.a4 Qb6 50.Nd2 Kf7 51.h4 Nd7 52.Qe3 Qc6+ 53.f3 Ke7 54.h5 f5 
55.a5 Qd6 56.f4 Nf6 57.b4 Nxh5 58.Nf3 Nf6 59.bxc5 Qc6 60.Qe5 Qb7 61.Qd6+ 
Kf7 62.c6 Qb2+ 63.Nd2 Ne8 64.Qd7+ Kf6 65.Kf2 e5 66.Qd8+ Kf7 67.c7 1-0

[Event "Tbilisi zt (Women)"]
[Site "Tbilisi"]
[Date "1999.??.??"]
[Round "7"]
[White "Gasparian, Narine"]
[Black "Nikoladze, Sopio"]
[Result "0-1"]
[WhiteElo "2170"]
[BlackElo "2262"]
[EventDate "1999.05.07"]
[PlyCount "104"]

1.d4 Nf6 2.c4 e6 3.Nf3 b6 4.e3 Bb7 5.Nc3 d5 6.Bd3 Nbd7 7.O-O Bd6 8.Qe2 Ne4
9.cxd5 exd5 10.Qc2 Nxc3 11.bxc3 Nf6 12.a4 O-O 13.Ba3 Qe7 14.Qb2 c5 15.a5 
Rfb8 16.a6 Bc6 17.Bb5 Rc8 18.dxc5 bxc5 19.c4 Rab8 20.Qe2 Ba8 21.Rfe1 Rb6 
22.cxd5 Nxd5 23.Rac1 Rcb8 24.Bc4 Nf6 25.Red1 Ne4 26.Qd3 Qf6 27.Qc2 Qf5 28.
Rb1 Qg4 29.Rxb6 Rxb6 30.Ne5 Qh4 31.g3 Qh3 32.Nxf7 Kf8 33.f3 Nxg3 34.hxg3 
Bxf3 35.Qh2 Qxh2+ 36.Kxh2 Bxd1 37.Nxd6 Rxd6 38.Bxc5 Ke7 39.e4 Kd7 40.Bxa7 
Bf3 41.e5 Rd2+ 42.Kg1 Be4 43.e6+ Kd6 44.Bb8+ Ke7 45.Bf4 Rb2 46.Bg5+ Ke8 
47.a7 Ba8 48.Ba6 h6 49.Bf4 Ra2 50.Bd3 Ke7 51.Be5 Rxa7 52.Bxg7 Ra3 0-1

[Event "Tbilisi zt (Women)"]
[Site "Tbilisi"]
[Date "1999.??.??"]
[Round "7"]
[White "Goletiani, Rusudan"]
[Black "Kalevic, Sanja"]
[Result "1-0"]
[WhiteElo "2310"]
[BlackElo "2354"]
[EventDate "1999.05.07"]
[PlyCount "81"]

1.e4 c5 2.Nf3 e6 3.d3 Nc6 4.g3 d5 5.Qe2 Nge7 6.Bg2 g6 7.O-O Bg7 8.e5 Qc7 
9.Re1 h6 10.h4 b5 11.Bf4 Ba6 12.Nbd2 Rc8 13.c3 Qb6 14.b3 O-O 15.Nf1 c4 16.
bxc4 dxc4 17.dxc4 bxc4 18.Ne3 Qa5 19.Qc2 Rfd8 20.Bf1 Nd5 21.Nxc4 Bxc4 22.
Bxc4 Nxf4 23.gxf4 Ne7 24.Re4 Rc5 25.Rae1 Nf5 26.h5 gxh5 27.Kh2 Rdc8 28.Qd3
Qc7 29.Nd2 Rd8 30.Rd4 Nxd4 31.cxd4 Qe7 32.Kh3 Rc7 33.Ne4 Qb4 34.Rc1 Qb2 
35.Rg1 Kf8 36.Qg3 Bh8 37.Nd6 Ke7 38.Qh4+ Kd7 39.Bb5+ Rc6 40.Bxc6+ Kc7 41.
Qe7+ 1-0

[Event "Tbilisi zt (Women)"]
[Site "Tbilisi"]
[Date "1999.??.??"]
[Round "7"]
[White "Gvetadze, Sofio"]
[Black "Makropoulou, Marina"]
[Result "1-0"]
[WhiteElo "2174"]
[BlackElo "2294"]
[EventDate "1999.05.07"]
[PlyCount "98"]

1.e4 e5 2.Nf3 Nc6 3.Bb5 a6 4.Ba4 Nf6 5.d3 b5 6.Bb3 Bc5 7.O-O d6 8.Nc3 Bg4 
9.h3 Bh5 10.Bg5 Ne7 11.Bxf6 gxf6 12.Nd5 Nxd5 13.Bxd5 Rb8 14.Bc6+ Ke7 15.c3
Rg8 16.Kh1 Qc8 17.Qe2 a5 18.Rad1 Qa6 19.Bd5 c6 20.Bb3 a4 21.Bc2 b4 22.g4 
Bg6 23.Nd2 bxc3 24.bxc3 Rb2 25.Bb1 d5 26.exd5 cxd5 27.f4 Be4+ 28.Kh2 f5 
29.fxe5 fxg4 30.hxg4 h5 31.Rf6 Qb5 32.Qf1 Rxg4 33.Rxf7+ Ke8 34.dxe4 Qxf1 
35.Rfxf1 dxe4 36.Kh3 e3 37.Ne4 e2 38.Nxc5 exd1=Q 39.Rxd1 Rg5 40.Re1 a3 41.
Ne4 Rgg2 42.Nf6+ Ke7 43.Nd5+ Ke8 44.e6 Rh2+ 45.Kg3 Rhg2+ 46.Kf3 Rbf2+ 47.
Ke3 h4 48.e7 Rf7 49.Kd4 Rg8 1-0

[Event "Tbilisi zt (Women)"]
[Site "Tbilisi"]
[Date "1999.??.??"]
[Round "7"]
[White "Khmiadashvili, Tamari"]
[Black "Hlgatian, Goar"]
[Result "0-1"]
[WhiteElo "2197"]
[BlackElo "2239"]
[EventDate "1999.05.07"]
[PlyCount "128"]

1.e4 e6 2.d3 d5 3.Nd2 Nf6 4.Ngf3 Be7 5.g3 O-O 6.Bg2 c5 7.O-O Nc6 8.e5 Nd7 
9.Re1 Qc7 10.Qe2 b5 11.c4 bxc4 12.dxc4 d4 13.a3 a5 14.b3 Rb8 15.h4 Bb7 16.
Nf1 Ba8 17.Rb1 Rb6 18.Bf4 Rfb8 19.N1d2 Qa7 20.Qd3 a4 21.bxa4 Qxa4 22.Rxb6 
Rxb6 23.h5 Rb2 24.h6 g6 25.g4 Ra2 26.Nb1 Na5 27.Rc1 Qb3 28.Qxb3 Nxb3 29.
Rd1 Bxf3 30.Bxf3 Nb6 31.Be4 Nxc4 32.g5 Nxa3 33.Nxa3 Rxa3 34.Bd3 Ra1 35.
Rxa1 Nxa1 36.Bc4 Nc2 37.Bc1 Nb4 38.f4 Nd5 39.Bb5 Nc3 40.Bc4 Na4 41.Bb5 Nb6
42.Bb2 Nd5 43.Bc1 Kf8 44.Kf2 Nc3 45.Bc4 Bd8 46.Ba3 Bb6 47.Kf3 Ke7 48.Bb2 
Nd1 49.Ba3 Kd7 50.Ke2 Nc3+ 51.Kd3 Kc6 52.f5 Nd5 53.f6 Ba5 54.Bb3 Nc7 55.
Kc4 Bd2 56.Ba4+ Kb7 57.Bxc5 Bxg5 58.Bf8 Be3 59.Bc2 Nd5 60.Bxg6 fxg6 61.f7 
Nb6+ 62.Kd3 Nd7 63.Bg7 Kc6 64.Ke4 Kc5 0-1

[Event "Tbilisi zt (Women)"]
[Site "Tbilisi"]
[Date "1999.??.??"]
[Round "7"]
[White "Khorava, Miranda"]
[Black "Mkrtchian, Lilit"]
[Result "0-1"]
[WhiteElo "2210"]
[BlackElo "2294"]
[EventDate "1999.05.07"]
[PlyCount "70"]

1.Nf3 d5 2.g3 c6 3.Bg2 Bg4 4.d4 Nd7 5.b3 e6 6.Bb2 f5 7.Nbd2 Bd6 8.Ne5 Nxe5
9.dxe5 Bc5 10.h3 Bh5 11.Bf3 Bxf3 12.Nxf3 Ne7 13.e3 O-O 14.Qe2 a5 15.O-O h6
16.Bd4 Ba3 17.c4 Qe8 18.Ne1 c5 19.Bc3 Bb4 20.Rc1 b6 21.f4 Bxc3 22.Rxc3 a4 
23.Qb2 axb3 24.axb3 Nc6 25.cxd5 exd5 26.Nd3 d4 27.exd4 Nxd4 28.b4 Qe6 29.
Ra3 Rxa3 30.Qxa3 Qd5 31.Ne1 Ra8 32.Qe3 Ra2 33.Rf2 Ra1 34.Kh2 cxb4 35.Nf3 
Rd1 0-1

[Event "Tbilisi zt (Women)"]
[Site "Tbilisi"]
[Date "1999.??.??"]
[Round "7"]
[White "Manakova, Maria"]
[Black "Lomineishvili, Maia"]
[Result "1-0"]
[WhiteElo "2344"]
[BlackElo "2375"]
[EventDate "1999.05.07"]
[PlyCount "71"]

1.d4 Nf6 2.Nf3 g6 3.g3 Bg7 4.Bg2 O-O 5.O-O d6 6.c4 Nc6 7.d5 Na5 8.Nfd2 c5 
9.Nc3 Rb8 10.a3 Nd7 11.Qc2 Ne5 12.b3 a6 13.Rb1 Qc7 14.a4 Nd7 15.h3 e5 16.
e4 f5 17.exf5 gxf5 18.f4 Nf6 19.Kh2 e4 20.g4 fxg4 21.Ndxe4 Bf5 22.Nxf6+ 
Rxf6 23.Be4 Bxe4 24.Nxe4 Rh6 25.Nf2 g3+ 26.Kxg3 Qe7 27.Kh2 Qh4 28.Rg1 Rg6 
29.Rxg6 hxg6 30.Ng4 Re8 31.Bb2 Bxb2 32.Qxg6+ Kf8 33.Rxb2 Nxb3 34.Qf5+ Kg7 
35.Rg2 Nd4 36.Ne5+ 1-0

[Event "Tbilisi zt (Women)"]
[Site "Tbilisi"]
[Date "1999.??.??"]
[Round "7"]
[White "Petraki, Maria"]
[Black "Javakhishvili, Lela"]
[Result "0-1"]
[WhiteElo "2140"]
[BlackElo "2181"]
[EventDate "1999.05.07"]
[PlyCount "58"]

1.e4 c5 2.Nc3 Nc6 3.Bb5 e6 4.Bxc6 bxc6 5.f4 d5 6.d3 Nf6 7.e5 Nd7 8.Nf3 Ba6
9.O-O c4 10.d4 Be7 11.Qe1 c5 12.Be3 Qb6 13.Rb1 O-O 14.f5 Kh8 15.Qg3 f6 16.
exf6 Nxf6 17.fxe6 Qxe6 18.Ng5 Qd7 19.Rbd1 Bd6 20.Qh4 Qg4 21.Qxg4 Nxg4 22.
Nxd5 Bxh2+ 23.Kh1 Bb7 24.Nf7+ Rxf7 25.Rxf7 Bxd5 26.Re7 Bd6 27.Rd7 Nxe3 28.
dxc5 Nxd1 29.Rxd6 Ne3 0-1

[Event "Tbilisi zt (Women)"]
[Site "Tbilisi"]
[Date "1999.??.??"]
[Round "7"]
[White "Prudnikova, Svetlana"]
[Black "Matnadze, Ana"]
[Result "1-0"]
[WhiteElo "2415"]
[BlackElo "2283"]
[EventDate "1999.05.07"]
[PlyCount "83"]

1.Nf3 Nf6 2.c4 e6 3.g3 b6 4.Bg2 Bb7 5.O-O Be7 6.Nc3 O-O 7.Re1 d5 8.cxd5 
exd5 9.d4 Nbd7 10.Qc2 Ne4 11.Bf4 Nxc3 12.bxc3 Bd6 13.Ng5 g6 14.Qd2 Nf6 15.
c4 Ne4 16.Nxe4 dxe4 17.Red1 Re8 18.h4 Bxf4 19.Qxf4 Qd6 20.Qe3 Rad8 21.a4 
a5 22.Qc3 Bc8 23.e3 Bg4 24.Rdc1 g5 25.hxg5 Qg6 26.c5 Qxg5 27.cxb6 cxb6 28.
Qc7 Re6 29.Rc6 Rde8 30.Qxb6 h5 31.Rac1 h4 32.Rxe6 Rxe6 33.Rc8+ Kh7 34.Qd8 
Qxd8 35.Rxd8 h3 36.d5 Re7 37.d6 Re6 38.d7 Rd6 39.Bxe4+ f5 40.Bc6 Rd1+ 41.
Kh2 Rd2 42.Rc8 1-0

[Event "Tbilisi zt (Women)"]
[Site "Tbilisi"]
[Date "1999.??.??"]
[Round "7"]
[White "Sanli, Emine"]
[Black "Charkhalashvili, Inga"]
[Result "0-1"]
[WhiteElo "2050"]
[BlackElo "2147"]
[EventDate "1999.05.07"]
[PlyCount "68"]

1.e4 c6 2.d4 d5 3.e5 Bf5 4.Nc3 e6 5.g4 Bg6 6.Nge2 f6 7.h4 fxe5 8.h5 Bf7 9.
dxe5 Nd7 10.f4 Qb6 11.Bd2 O-O-O 12.Na4 Qc7 13.Nd4 Nxe5 14.Qe2 Nd7 15.Nxe6 
Bxe6 16.Qxe6 Nf6 17.O-O-O Re8 18.Qf5 Ne4 19.Re1 Bd6 20.g5 Ng3 21.Rxe8+ 
Rxe8 22.Qf7 Rf8 23.Qxg7 Nxh1 24.Bh3 Ng3 25.g6 Nxh5 26.Qxh7 Nf6 27.Qh6 Kb8 
28.Be6 Ng8 29.Bxg8 Rxg8 30.g7 Nb6 31.Nxb6 axb6 32.f5 Rxg7 33.Kd1 Rg1+ 34.
Ke2 Qe7+ 0-1

[Event "Tbilisi zt (Women)"]
[Site "Tbilisi"]
[Date "1999.??.??"]
[Round "7"]
[White "Sisman, Gizem"]
[Black "Maisuradze, Nino"]
[Result "0-1"]
[WhiteElo "2050"]
[BlackElo "2143"]
[EventDate "1999.05.07"]
[PlyCount "92"]

1.Nf3 d5 2.d4 Nf6 3.c4 e6 4.Bg5 Be7 5.e3 h6 6.Bh4 O-O 7.Nc3 Ne4 8.Bxe7 
Qxe7 9.cxd5 Nxc3 10.bxc3 exd5 11.Qb3 Rd8 12.c4 dxc4 13.Bxc4 Nc6 14.O-O Na5
15.Qc2 Nxc4 16.Qxc4 Be6 17.Qc2 Bd5 18.Ne5 c6 19.e4 Be6 20.Rfd1 Rac8 21.Qb2
f6 22.Ng6 Qf7 23.Nf4 Bc4 24.Rd2 Rd7 25.Rad1 Rcd8 26.Ne2 Qe6 27.Ng3 h5 28.
f3 g6 29.Nf1 Bxf1 30.Kxf1 Kg7 31.Kf2 b6 32.Rd3 c5 33.d5 Qd6 34.h3 Rc7 35.
Rc1 c4 36.Rdc3 Qc5+ 37.Kf1 b5 38.a3 a5 39.Qe2 Rdc8 40.Rd1 b4 41.axb4 axb4 
42.Rcc1 Qd6 43.Qe3 c3 44.f4 b3 45.e5 Qa6+ 46.Kg1 c2 0-1

[Event "Tbilisi zt (Women)"]
[Site "Tbilisi"]
[Date "1999.??.??"]
[Round "7"]
[White "Tsurtsumia, Natia"]
[Black "Stiri, Alexandra"]
[Result "1-0"]
[WhiteElo "2122"]
[BlackElo "2092"]
[EventDate "1999.05.07"]
[PlyCount "73"]

1.e4 c5 2.Nf3 d6 3.Bb5+ Nd7 4.d4 Nf6 5.Nc3 cxd4 6.Qxd4 e5 7.Qd3 h6 8.Be3 
a6 9.Bc4 Be7 10.O-O O-O 11.Rad1 Nb6 12.Bb3 Bg4 13.h3 Bd7 14.Rfe1 Rc8 15.a4
Qc7 16.Nd2 Be6 17.Bxb6 Qxb6 18.Nc4 Qc5 19.Ne3 Nh5 20.Ncd5 Bg5 21.g4 Bxe3 
22.Qxe3 Qxe3 23.Ne7+ Kh7 24.Rxe3 Rc7 25.Nd5 Bxd5 26.Rxd5 Nf4 27.Rxd6 Rfc8 
28.h4 f6 29.Re1 Ng6 30.h5 Ne7 31.Red1 Nc6 32.c3 Na5 33.Be6 Rf8 34.Bf5+ Kg8
35.Rd8 Nc4 36.Be6+ Rf7 37.Bxc4 1-0

[Event "Tbilisi zt (Women)"]
[Site "Tbilisi"]
[Date "1999.??.??"]
[Round "8"]
[White "Botsari, Anna Maria"]
[Black "Tsurtsumia, Natia"]
[Result "1-0"]
[WhiteElo "2333"]
[BlackElo "2122"]
[EventDate "1999.05.07"]
[PlyCount "91"]

1.d4 Nf6 2.Bg5 Ne4 3.h4 c5 4.dxc5 Qa5+ 5.Nd2 Nxg5 6.hxg5 g6 7.c3 Qxc5 8.
Ngf3 Bg7 9.e4 d6 10.a4 Qc7 11.Bc4 Nc6 12.Qe2 Bg4 13.Qe3 a6 14.Bxf7+ Kd8 
15.Rh4 Bd7 16.Ba2 b5 17.Bd5 b4 18.e5 Qa7 19.Qxa7 Rxa7 20.Bxc6 bxc3 21.Bxd7
cxd2+ 22.Kxd2 Rxd7 23.Rah1 dxe5+ 24.Ke3 e4 25.Rxe4 Bxb2 26.Rb4 Bc3 27.Rb8+
Kc7 28.Rxh8 Bxh8 29.Rxh7 Bb2 30.Rh1 Rd6 31.Rb1 Ba3 32.Ke4 Re6+ 33.Kd5 Re2 
34.Rb3 Bd6 35.g4 Rxf2 36.Ke6 Rg2 37.Rc3+ Kd8 38.Rc4 Rg3 39.Nh4 Re3+ 40.Kf7
Re5 41.Kxg6 Re1 42.Kf7 e6 43.g6 Be5 44.g7 Rf1+ 45.Kg6 Rf6+ 46.Kg5 1-0

[Event "Tbilisi zt (Women)"]
[Site "Tbilisi"]
[Date "1999.??.??"]
[Round "8"]
[White "Charkhalashvili, Inga"]
[Black "Petraki, Maria"]
[Result "1-0"]
[WhiteElo "2147"]
[BlackElo "2140"]
[EventDate "1999.05.07"]
[PlyCount "81"]

1.c4 c5 2.g3 Nc6 3.Bg2 g6 4.Nc3 Bg7 5.Nf3 d6 6.O-O e5 7.d3 Nge7 8.Rb1 h6 
9.a3 a5 10.Bd2 Be6 11.e4 O-O 12.Nd5 f5 13.Nh4 fxe4 14.Bxe4 g5 15.Nxe7+ 
Nxe7 16.Ng2 d5 17.cxd5 Bxd5 18.Be3 b6 19.h4 Nf5 20.hxg5 Nxe3 21.Nxe3 Bxe4 
22.dxe4 hxg5 23.Qb3+ Kh7 24.Nf5 Qf6 25.Kg2 Rad8 26.Rh1+ Kg6 27.Rbd1 Rxd1 
28.Qxd1 Rh8 29.Rxh8 Bxh8 30.Qd7 Bg7 31.Qe8+ Kh7 32.a4 Bf8 33.b3 Kh8 34.Ne3
Qd6 35.Nd5 Kh7 36.Qf7+ Bg7 37.Qf5+ Kh6 38.Ne3 Qg6 39.Qh3+ Qh5 40.Nf5+ Kg6 
41.Qxh5+ 1-0